Postaci z Gwiezdnych Wojen - Statystyki

Ogólne statystyki
  • Ten quiz został rozwiązany 2 570 razy
  • Średni wynik to 16 z 27
Statystyki odpowiedzi
Wskazówka Postać % Poprawnych
Ostatni uczeń Sithów Darth Vader
95%
Bliźniak, który dorastał na Tatooine Luke Skywalker
94%
Wielki mistrz Jedi Yoda
93%
Główny pilot Sokoła Milenium Han Solo
91%
Bliźniaczka, który dorastała na Alderaanie Księżniczka Leia
90%
Znany jako "Ben" Obi-Wan Kenobi
84%
Droid protokolarny C-3PO
83%
Drugi pilot Sokoła Milenium Chewbacca
81%
Kanclerz, który wygrał głosowanie Palpatine
80%
Droid będący dobrym mechanikiem R2-D2
79%
Łowca nagród Boba Fett
74%
Uczeń Sithów z dziwnym makeupem Darth Maul
72%
Królowa Naboo Padme Amidala
72%
Gangster gatunku Hutt Jabba the Hutt
69%
Ojciec powyższego Jango Fett
64%
Przyjazny, ale niezdarny Gungan Jar-Jar Binks
56%
Głowa Miasta Chmur Lando Calrissian
56%
Jedi, który odkrywa „Wybrańca” Qui-Gon Jinn
55%
Uczeń Sithów Count Dooku
48%
Dowódca Gwiazdy Śmierci Grand Moff Tarkin
41%
Cyborg, szef armii separatystów, droidów General Grievous
38%
Łowca nagród zabity w kantynie Greedo
33%
Admirał Rebeliantów Admiral Ackbar
32%
Kanclerz, który przegrał głosowanie Valorum
21%
Ewok, który pomaga Lei Wicket
16%
Prawa ręka powyższego Bib Fortuna
9%
Generał Imperium, który poprowadził atak na Hoth General Maximilian Veers
9%
Nie znaleziono quizów pasujących do podanych kryteriów
Rozkład punktacji
Procent ludzi z każdym wynikiem
Percentyl według liczby udzielonych odpowiedzi
Twoja historia wyników
Nie rozwiązałeś tego quizu